为英国人民声辩Wei ying guo ren min sheng bian {ch}/ (Record no. 35661)
[ view plain ]
| 000 -LEADER | |
|---|---|
| fixed length control field | 01133nam a2200229 4500 |
| 008 - FIXED-LENGTH DATA ELEMENTS--GENERAL INFORMATION | |
| fixed length control field | 110506s2009 cc 000 0 chi |
| 020 ## - INTERNATIONAL STANDARD BOOK NUMBER | |
| International Standard Book Number | 7100063183 |
| 020 ## - INTERNATIONAL STANDARD BOOK NUMBER | |
| International Standard Book Number | 9787100063180 :HK40.00/Php247.92 |
| 090 ## - LOCALLY ASSIGNED LC-TYPE CALL NUMBER (OCLC); LOCAL CALL NUMBER (OCLC) | |
| Classification number (OCLC) (R) ; Classification number, CALL (RLIN) (NR) | JC153 |
| Local cutter number (OCLC) ; Book number/undivided call number, CALL (RLIN) | M64p |
| -- | 2009 |
| 100 1# - MAIN ENTRY--PERSONAL NAME | |
| Personal name | 著, 英约翰·弥尔顿 Milton, John, |
| Dates associated with a name | 1608-1674 |
| 245 10 - TITLE STATEMENT | |
| Title | 为英国人民声辩Wei ying guo ren min sheng bian {ch}/ |
| Statement of responsibility, etc | (英)约翰·弥尔顿(Joannis Miltoni)著 ;何宁译. Mi er dun; He ning. |
| 260 ## - PUBLICATION, DISTRIBUTION, ETC. (IMPRINT) | |
| Place of publication, distribution, etc | 商務印書館 Commercial Press, Beijing : |
| Name of publisher, distributor, etc | Shang wu yin shu guan, |
| Date of publication, distribution, etc | 2009. |
| 300 ## - PHYSICAL DESCRIPTION | |
| Extent | 2, 10, 1, 342 p. ; |
| Other physical details | 21 cm. |
| 490 1# - SERIES STATEMENT | |
| Series statement | 漢譯世界學術名著叢書 Han yi shi jie xue zhu ming zhu cong shu = |
| -- | [Collection of world-renown academic classical works in Chinese]. |
| 500 ## - GENERAL NOTE | |
| General note | Translation of: Pro populo Anglicano defensio and Pro populo Anglicano defensio secunda. |
| 650 #4 - SUBJECT ADDED ENTRY--TOPICAL TERM | |
| Topical term or geographic name as entry element | Divine right of kings {ch}. |
| 650 #4 - SUBJECT ADDED ENTRY--TOPICAL TERM | |
| Topical term or geographic name as entry element | Political science |
| Chronological subdivision | Early works to 1800 {ch}. |
| 650 #4 - SUBJECT ADDED ENTRY--TOPICAL TERM | |
| Topical term or geographic name as entry element | 政治、法律、社會學 {ch} |
| 951 ## - EQUIVALENCE OR CROSS-REFERENCE-GEOGRAPHIC NAME/AREA NAME [OBSOLETE] [CAN/MARC only] | |
| General subdivision | 00040288 |
| 700 1# - ADDED ENTRY--PERSONAL NAME | |
| Personal name | He ning |
| 700 1# - ADDED ENTRY--PERSONAL NAME | |
| Personal name | 何宁译. |
| 951 ## - EQUIVALENCE OR CROSS-REFERENCE-GEOGRAPHIC NAME/AREA NAME [OBSOLETE] [CAN/MARC only] | |
| -- | C-10516 |
| -- | REF-CHJC153/M64p/2009 |
| -- | 110506155821125 |
| -- | 2000-12-21 |
| -- | Ref-CH |
| Withdrawn status | Lost status | Damaged status | Not for loan | Home library | Current library | Shelving location | Date acquired | Accession number | Shelving control number | Total Checkouts | Full call number | Barcode | Date last seen | Price effective from | Koha item type |
|---|---|---|---|---|---|---|---|---|---|---|---|---|---|---|---|
| BSOP Library | BSOP Library | 12/21/2000 | C-10516 | 127 | REF-CHJC153/M64p/2009 | 00040288 | 02/23/2013 | 02/23/2013 | Books |
